Grundlagen der Bautechnologie

Gespeichert in:
Bibliographische Detailangaben
Format: Buch
Sprache:Deutsch
Veröffentlicht: Berlin : VEB Verlag für Bauwesen, 1977
Tags: Tag hinzufügen
Keine Tags, Fügen Sie das erste Tag hinzu!

MARC

LEADER 00000nam a22000003a 4500
001 stu163037
005 20150408182544.9
008 080507s1977----ge------------------ger-d
040 |a STU  |b slo 
041 0 |a ger 
044 |a ge 
080 |a 624.055 
245 |a Grundlagen der Bautechnologie 
260 |a Berlin :  |b VEB Verlag für Bauwesen,  |c 1977 
300 |a 255 s 
996 |c V*21867/O-8699  |l VV16  |s P  |a 0  |w stu163037_0001